00359nam a2200133Ia 4500008004100000020001500041041001200056082001100068100001700079245007300096260003200169300000900201650001500210221030s9999 xx 000 0 und d a8131808153 aEnglish a105.23 aR. K. Bansal 2aA Text Book Of Fluid Mechanics & Hydraulic Machinescby R. K. Bansal bLaxmi Pub.aNew Delhic2010 a1102 aMechanical